Ernest Hemingway

Saved in:
Bibliografiske detaljer
Hovedforfatter: Rovit, Earl (Author)
Format: Bog
Sprog:engelsk
Udgivet: Boston Twayne Publishers 1963
Serier:Twayne's United States Authors Series, 41
Fag:
Tags: Tilføj Tag
Ingen Tags, Vær først til at tagge denne postø!

MARC

LEADER 00000nam a2200000 a 4500
001 UCQ0481
003 CL-VaPUC
008 980627e19630000US |||||||||||||||||eng|d
082 0 4 |a 813.09  |b ROV  |2 21 
100 0 |a Rovit, Earl  |e author  |9 413730 
245 1 0 |a Ernest Hemingway 
300 |a 192 p 
942 |c BK 
945 |d 19980627 00:00:00  |a lriquelm 
260 |a Boston  |b Twayne Publishers  |c 1963 
600 0 |a HEMINGWAY, ERNEST  |9 826616 
650 0 |a Literatura estadounidense  |9 317168 
650 7 |a NOVELA ESTADOUNIDENSE  |2 CL-VaPUC  |9 266286 
650 0 |a Crítica e interpretación   |9 255042 
650 0 |a Crítica literaria   |9 269189 
583 |a last modification  |c 19980627 00:00:00  |k Rodrigo Vera 
490 0 |a Twayne's United States Authors Series, 41 
999 |c 271610  |d 271608 
952 |0 0  |1 0  |4 0  |6 813_090000000000000_ROV_1963  |7 0  |8 A  |9 306309  |a BIBEDU  |b BIBEDU  |d 2019-11-20  |i 1425277  |o 813.09 ROV 1963  |p 1425277  |r 2019-11-20  |w 2019-11-20  |y BK  |k LIT